00989nam a2200253 i 450000100060000000300090000600500170001500700030003200800410003502000180007610000430009424501460013725000150028326000550029830000200035349000470037350000130042070000410043370000320047483000550050685200340056199900170059595201230061278802ES-MaACL20250905123709.0t|041018s1981 mx ||||1| spa d a968-16-0304-41 aHegel, Georg Wilhelm Friedrich.96231610aLecciones de la Historia de la Filosofía / cG.W.F. Hegel ; [edición preparada por Elsa Cecilia Frost ; traducción de Wenceslao Roces]. a[1ª ed.]. aMéxico : bFondo de Cultura Económica, c1981. a3 v. ; c21 cm.1 aSección de obras de Filosofía ; v4021 aIndices.1 aRoces, Wenceslao, d1897-19929980391 aFrost, Elsa Cecilia.9527500 aSección de obras de Filosofía ; v40219178631 aES-MaACLjL-9961-3 bR.112128 c78802d78802 00104070aATENEOMbATENEOMcDEPO2d2008-01-17eSCl0oL-9961-3p1082415r2023-02-23 00:00:00w2023-02-23yMONOGRAFIA